000 00947cas a2200265 4500
008 140422c19709999ja uu p 0 0jpn
022 0 _a03898393
040 _aEG-GiCUC
_bjap
_cEG-GiCUC
050 0 0 _aH8
_b.A58
092 0 4 _a952.005
_bA638
_221
099 _a04
_a952.005 A638
100 1 _aAoyama Gakuin Daigaku, Tokyo
245 0 0 _a青山語文 = Aoyama gobun /
_c青山学院大学日本文学会.; Aoyama Gakuin Daigaku. Nihon Bungakkai
246 1 3 _aAoyama gobun
246 1 3 _aAoyama journal of Japanese and Japanese literature
260 _a青山学院大学日本文学会,
_aTok̄yo ̄:
_bAoyamagakuindaigakunihonbungakkai,
_c1970-.
300 _av.;
_c21 cm.
650 0 _aJapan
_vPeriodicals.
710 2 _aAoyama Gakuin Daigaku.
_bDaigakuin.
880 _a青山語文.
905 _aJamal
_eCat.
905 _eRev.
942 _2ddc
_cBK
999 _c133211
_d133211